000 00642nam a22002177a 4500
003 OSt
005 20241119161942.0
008 241115b ||||| |||| 00| 0 eng d
040 _cAL
041 _akan
082 _223
_a378.14
_bSTAA
100 _aST ALOYSIUS COLLEGE
_9185679
245 _aSt Aloysius college Mangalore: Annual Magazine 2000-2003
260 _aMangalore
_bSt Aloysius College
_c2003
300 _a175p.
_bHB
_c26x21cm.
650 _aCollege Magazine
_9185549
650 _aDr APJ Abdul Kalam visit
_9185550
650 _aRamvilas Paswan visit
_9185797
650 _aPostal Stamp St.Aloysius
_9185798
942 _2ddc
_cBV
999 _c231931
_d231931